Machine tool design handbook (Record no. 565405)
[ view plain ]
| 000 -LEADER | |
|---|---|
| fixed length control field | 00298nam a2200121Ia 4500 |
| 008 - FIXED-LENGTH DATA ELEMENTS--GENERAL INFORMATION | |
| fixed length control field | 210430s9999 xx 000 0 und d |
| 020 ## - INTERNATIONAL STANDARD BOOK NUMBER | |
| International Standard Book Number | 978-0-07-41564-8 |
| 082 ## - DEWEY DECIMAL CLASSIFICATION NUMBER | |
| Classification number | 621.902 C6499M |
| 100 ## - MAIN ENTRY--PERSONAL NAME | |
| Personal name | Cmti |
| 9 (RLIN) | 54718 |
| 245 ## - TITLE STATEMENT | |
| Title | Machine tool design handbook |
| Statement of responsibility, etc. | Cmti |
| 300 ## - PHYSICAL DESCRIPTION | |
| Extent | 955 |
| 942 ## - ADDED ENTRY ELEMENTS (KOHA) | |
| Koha item type | Book |
| Source of classification or shelving scheme | |
| Withdrawn status | Lost status | Source of classification or shelving scheme | Damaged status | Not for loan | Permanent Location | Current Location | Date acquired | Full call number | Barcode | Date last seen | Price effective from | Koha item type |
|---|---|---|---|---|---|---|---|---|---|---|---|---|
| School of Chemical & Materials Engineering (SCME) | School of Chemical & Materials Engineering (SCME) | 621.902 C6499M | SCME-4623 | 04/30/2021 | 04/30/2021 | Book |
